Statistics for Euro 2020 Group E - Slovakia - Spain

Click here to take the quiz!

General Stats

  • This quiz has been taken 31 times
  • The average score is 19 of 34

Answer Stats

Player% Correct
Unai Simón
93%
Álvaro Morata
90%
Jordi Alba
87%
Pau Torres
87%
Ferran Torres ¹
83%
Marek Hamšík
83%
Pedri
83%
Sergio Busquets
83%
Luis Enrique
80%
Martin Dúbravka
77%
Milan Škriniar
77%
Aymeric Laporte ¹
73%
Ondrej Duda
67%
Gerard Moreno
63%
Koke
63%
Eric García
60%
Róbert Mak
60%
Juraj Kucka
57%
César Azpilicueta
53%
Peter Pekarík
53%
Thiago Alcântara
53%
Mikel Oyarzabal
50%
Pablo Sarabia ¹
40%
Tomáš Hubočan
40%
Adama Traoré
37%
Stanislav Lobotka
30%
Vladimír Weiss
30%
Ľubomír Šatka
27%
Lukáš Haraslín
27%
Jakub Hromada
23%
László Bénes
23%
Michal Ďuriš
23%
Štefan Tarkovič
23%
Tomáš Suslov
23%

Score Distribution

Percentile by Number Answered

Percent of People with Each Score

Your Score History

You have not taken this quiz